000 01175nam a2200265Ia 4500
999 _c56347
_d56347
001 23460
003 GE_BSU
005 20260122204858.0
008 181216s2001||||ge |||||||||||||| ||geo||
020 _a99928-826-5-4
040 _cGE_BSU
041 _ageo
080 _a94(479.22) + 327(479.22) ს-50
100 _aსილაგაძე, აპოლონ
_926722
245 _aისტორიულ-პოლიტიკური ნარკვევები /
_cა. სილაგაძე, ვ. გურული ; [რედ. მერაბ ვაჩნაძე].
264 _aთბილისი :
_bარტანუჯი,
_c2001.
300 _a416 გვ. ;
_c 20 სმ.
541 _h10 ლ.
653 _aისტორიულ-პოლიტიკური ნარკვევები
653 _aსაქართველოს ისტორია
653 _aსაქართველოს საგარეო პოლიტიკა
700 _aგურული, ვ.
_eავტორი
_926723
700 _aვაჩნაძე,მერაბ
_eრედაქტორი
_926724
942 _cBK
_2udc